Sports Quiz

Random Sports or NBA Quiz

Tallest NBA Players to Make a 3-Pointer Quiz Stats

 Plays Quiz Updated Apr 16, 2019

Score 0/18 Timer 05:00
4 Plays Today
Height Player % Correct
7-7Manute Bol
82.6%
7-6Yao Ming
77.1%
7-3Kristaps Porziņģis
44.2%
7-6Shawn Bradley
43.1%
7-2Kareem Abdul-Jabbar
26.9%
7-3Boban Marjanović
21%
7-4Ralph Sampson
15.1%
7-4Rik Smits
13.6%
7-3Arvydas Sabonis
12.5%
Height Player % Correct
7-3Zydrunas Ilgauskas
8.9%
7-2Roy Hibbert
7.2%
7-2Artis Gilmore
3.4%
7-2Greg Ostertag
3%
7-2Salah Mejri
2.3%
7-2Alexis Ajinça
1.2%
7-2Primož Brezec
0.9%
7-2Pétur Guðmundsson
0.9%
7-2Bruno Sundov
0.6%

You're not logged in!

Compare scores with friends on all Sporcle quizzes.
OR
Log In

You Might Also Like...

Show Comments

Extras

Top Quizzes Today


Score Distribution

Your Account Isn't Verified!

In order to create a playlist on Sporcle, you need to verify the email address you used during registration. Go to your Sporcle Settings to finish the process.

Report this User

Report this user for behavior that violates our Community Guidelines.

Details: